=LDR 00000nam 2200000 4500 =001 INLIS000000000006637 =005 20161003163024.0 =006 =007 =008 Ind =035 ##$$0010-061300000006637 =041 ##$$a Ind =082 ##$$a 005.369 =090 ##$$a 005.369, Goo d =100 ##$$a Gookin, Dan =245 ##$$a Dos secrets, by Dan Gookin; alih bahasa, Rijanto =260 ##$$a 1993 $b Jakarta =300 ##$$a 148 hlm., 21 cm =650 ##$$a Komputer =700 ##$$a Rijanto =850 ##$$a NBPNMAT